Statistiques concernant Discographie de Stupeflip

Cliquez ici pour prendre le quiz!

Statistiques générales

  • Ce quiz a été pris 55 fois
  • Le résultat moyen est 4 sur 6

Statistiques - réponses

Réponse% Correct
Terrora !! - 2012
79%
Stupeflip - 2003
74%
Stup Virus - 2017
72%
The Hypnoflip Invasion - 2011
70%
Stup Forever - 2022
67%
Stup Religion - 2005
56%

Distribution des résultats

Percentile par nombre de réponses

% des personnes avec chaque résultat

Votre développement - résultats

Vous n’avez pas pris ce quiz